<?xml version="1.0" encoding="UTF-8"?>
<collection xmlns="http://www.loc.gov/MARC21/slim">
 <record>
  <leader>00842nam a2200205Ia 4500</leader>
  <controlfield tag="001">CTU_209449</controlfield>
  <controlfield tag="008">210402s9999    xx            000 0 und d</controlfield>
  <datafield tag="082" ind1=" " ind2=" ">
   <subfield code="a">398.09597</subfield>
  </datafield>
  <datafield tag="082" ind1=" " ind2=" ">
   <subfield code="b">V312</subfield>
  </datafield>
  <datafield tag="100" ind1=" " ind2=" ">
   <subfield code="a">Trần, Tấn Vịnh</subfield>
  </datafield>
  <datafield tag="245" ind1=" " ind2="0">
   <subfield code="a">Voi trong đời sống văn hóa người M'nông</subfield>
  </datafield>
  <datafield tag="245" ind1=" " ind2="0">
   <subfield code="c">Trần Tấn Vịnh</subfield>
  </datafield>
  <datafield tag="260" ind1=" " ind2=" ">
   <subfield code="a">Hà Nội</subfield>
  </datafield>
  <datafield tag="260" ind1=" " ind2=" ">
   <subfield code="b">Khoa học - Xã hội</subfield>
  </datafield>
  <datafield tag="260" ind1=" " ind2=" ">
   <subfield code="c">2015</subfield>
  </datafield>
  <datafield tag="520" ind1=" " ind2=" ">
   <subfield code="a">Nội dung sách gồm 3 chương : Truyền thống nuôi voi ; Con voi trong lễ nghi, phong tục ; Hình tượng con voi trong văn học, nghệ thuật dân gian người M'nông.</subfield>
  </datafield>
  <datafield tag="650" ind1=" " ind2=" ">
   <subfield code="a">Văn hóa dân gian,Folklore</subfield>
  </datafield>
  <datafield tag="650" ind1=" " ind2=" ">
   <subfield code="z">Việt Nam,Vietnam</subfield>
  </datafield>
  <datafield tag="904" ind1=" " ind2=" ">
   <subfield code="i">Trương Thủy Ly,Hải</subfield>
  </datafield>
  <datafield tag="980" ind1=" " ind2=" ">
   <subfield code="a">Trung tâm Học liệu Trường Đại học Cần Thơ</subfield>
  </datafield>
 </record>
</collection>
